书目信息 |
| 题名: |
你会制作小电机吗?
|
|
| 作者: | 张鼎裕 编著 | |
| 分册: | ||
| 出版信息: | 呼和浩特 内蒙古人民出版社 1978 |
|
| 页数: | 160页 | |
| 开本: | 19cm | |
| 丛书名: | 青少年科技丛书 | |
| 单 册: | ||
| 中图分类: | TM32-49 | |
| 科图分类: | ||
| 主题词: | 电动机--普及读物 | |
| 电子资源: | ||
| ISBN: | 15089.27 | |
| 000 | 00700oam2 2200253 450 | |
| 001 | 0178001074 | |
| 005 | 20100712215350.0 | |
| 010 | @a15089.27@dCNY0.40 | |
| 091 | @a15089.27 | |
| 100 | @a19950726d1978 em y0chiy0110 ea | |
| 101 | 0 | @achi |
| 102 | @aCN@b150000 | |
| 105 | @ay z 000yy | |
| 106 | @ar | |
| 200 | 1 | @a你会制作小电机吗?@9Ni Hui;Kuai Zhi Zuo Xiao Dian Ji Ma ? @f张鼎裕编著 |
| 210 | @a呼和浩特@c内蒙古人民出版社@d1978 | |
| 215 | @a160页@d19cm | |
| 225 | 2 | @a青少年科技丛书 |
| 461 | 0 | @12001 @a青少年科技丛书 |
| 606 | 0 | @a电动机@x普及读物 |
| 690 | @aTM32-49@v3 | |
| 701 | 0 | @a张鼎裕@9zhang ding yu@4编著 |
| 801 | 0 | @aCN@bAzMarc@c20130904 |
| 905 | @aBZT@dTM32@e36@f1@sTM32/36 | |
| 你会制作小电机吗?/张鼎裕编著.-呼和浩特:内蒙古人民出版社,1978 |
| 160页;19cm.-(青少年科技丛书) |
| ISBN 15089.27:CNY0.40 |
| ● |
| 相关链接 |
|
|
|
正题名:你会制作小电机吗?
索取号:TM32/36
 
预约/预借
| 序号 | 登录号 | 条形码 | 馆藏地/架位号 | 状态 | 备注 |
| 1 | 2000083537 | 2000083537 | 旧书回溯/ [索取号:TM32/36] | 在馆 |